LEADER 03860nam 22007095 450 001 9910799482003321 005 20251201182507.0 010 $a981-9928-78-8 024 7 $a10.1007/978-981-99-2878-1 035 $a(MiAaPQ)EBC31038185 035 $a(Au-PeEL)EBL31038185 035 $a(DE-He213)978-981-99-2878-1 035 $a(CKB)29451469500041 035 $a(OCoLC)1416746449 035 $a(EXLCZ)9929451469500041 100 $a20231223d2023 u| 0 101 0 $aeng 135 $aurcnu|||||||| 181 $ctxt$2rdacontent 182 $cc$2rdamedia 183 $acr$2rdacarrier 200 10$a70 Years of China?s Bridges /$fby Zhongfu Xiang, Wei Xu, Anshuang Liu, Fanchao Meng 205 $a1st ed. 2023. 210 1$aSingapore :$cSpringer Nature Singapore :$cImprint: Springer,$d2023. 215 $a1 online resource (314 pages) 225 1 $aHistory Series 311 08$aPrint version: Xiang, Zhongfu 70 Years of China's Bridges Singapore : Springer Singapore Pte. Limited,c2024 9789819928774 320 $aIncludes bibliographical references. 327 $aChapter 1 The Origin and Development of Bridges -- Chapter 2 Using Foreign Experience for Reference and Laying a Foundation for Further Bridge Development -- Chapter 3 Taking Full Advantage of Local Materials and Innovating in Bridge Technology -- Chapter 4 Learning Advanced Technology and Starting Rising -- Chapter 5 Rapid Development and Becoming a World Power in the Number of Bridges. Chapter 6 Making Technological Breakthrough and Becoming a World Power in Bridge Technology -- Chapter 7 Entering Foreign Lands and Becoming Established on the World Stage -- Chapter 8 Looking Back at the Past whilst Looking Forward to the Future. 330 $aThe book takes time as the axis, selecting 98 bridges (or bridge groups) across the country and 7 representative bridges out of the country, reflecting the steps and development of China's bridge construction in related majors and engineering technicians in colleges and universities. This book aims to let the general public understand the arduous history of China's bridge construction and the rapid development of China's bridge construction without the country's economic development, strength, and hard work of the bridge people. It is also hoped that the public will enjoy the convenience of bridges, highways, railroads, and urban roads and at the same time enhance their awareness of bridge knowledge, knowledge, love, and scientific use of bridges. This book is used by the general public to understand the development of China's bridge construction, but also as a reference book for teachers and students of bridge engineering-related majors and engineering technicians in colleges and universities. 410 0$aHistory Series (Springer Nature Singapore) 606 $aTechnology 606 $aHistory 606 $aEngineering design 606 $aMaterials 606 $aStatics 606 $aSustainable architecture 606 $aHistory of Technology 606 $aEngineering Design 606 $aMaterials Engineering 606 $aMechanical Statics and Structures 606 $aSustainable Architecture/Green Buildings 615 0$aTechnology. 615 0$aHistory. 615 0$aEngineering design. 615 0$aMaterials. 615 0$aStatics. 615 0$aSustainable architecture. 615 14$aHistory of Technology. 615 24$aEngineering Design. 615 24$aMaterials Engineering. 615 24$aMechanical Statics and Structures. 615 24$aSustainable Architecture/Green Buildings. 676 $a016.22 700 $aXiang$b Zhongfu$01585633 801 0$bMiAaPQ 801 1$bMiAaPQ 801 2$bMiAaPQ 906 $aBOOK 912 $a9910799482003321 996 $a70 Years of China's Bridges$93870964 997 $aUNINA